[Event "MCR mladeze, Kouty 2018 - H12"]
[Site "Kouty nad Desnou"]
[Date "2018.03.15"]
[Round "7"]
[White "Stalmach, Richard"]
[Black "Hrbek, Stepan"]
[Result "1-0"]
[WhiteElo "1946"]
[BlackElo "2018"]
[EventDate "2018.03.10"]

1. d4 d5 2. c4 dxc4 3. e4 Nf6 4. e5 Nd5 5. Bxc4 Nb6 6. Bd3 Nc6 7. Ne2 Bg4 8. f3
Bh5 9. Be3 e6 10. O-O Qd7 11. Nbc3 Nb4 12. Be4 c6 13. a3 N4d5 14. Nxd5 Nxd5 15.
Bxd5 cxd5 16. h3 Be7 17. f4 Bg6 18. g4 h5 19. Ng3 hxg4 20. hxg4 Bh4 21. f5 exf5
22. Nxf5 Bxf5 23. gxf5 g6 24. e6 fxe6 25. f6 Kf7 26. Rc1 Rac8 27. Rxc8 Qxc8 28.
Qf3 Qc2 29. Rc1 Qf5 30. Rc7+ Kg8 31. f7+ Kg7 32. Qxf5 exf5 33. Rxb7 Rf8 34. Rxa7
Rxf7 35. Rxf7+ Kxf7 36. Bd2 Ke6 37. b4 Kd7 38. a4 Bf6 39. Bc3 Kc6 40. Kg2 Bg5 41.
Kf3 Bf6 42. Kf4 Kb6 43. b5 Bh4 44. Ke5 Bf2 45. Kxd5 g5 46. Ke6 g4 47. d5 g3 48.
d6 g2 49. d7 g1=Q 50. d8=Q+ Kb7 51. Qd7+ Ka8 52. Qc6+ Ka7 53. Kd7 Qd1+ 54. Kc8
1-0

[Event "MCR mladeze, Kouty 2018 - H12"]
[Site "Kouty nad Desnou"]
[Date "2018.03.15"]
[Round "7"]
[White "Hlavina, Matous"]
[Black "Mohapl, Tomas"]
[Result "0-1"]
[WhiteElo "1820"]
[BlackElo "1372"]
[EventDate "2018.03.10"]

1. e4  c5  2. Nf3  d6
3. d4  cxd4  4. Nxd4
Nf6  5. Nc3  a6
6. Be3  e5  7. Nb3  Be6
8. Be2  Be7  9. O-O
O-O  10. a4  d5
11. exd5  Nxd5 12. Nxd5  Bxd5
13. Nc5  Bc6  14. Bf3  Qc7
15. Bxc6  Qxc6  16. Nd3
Rd8  17. Qh5  f6
18. Qe2  Nd7  19. Rfd1
Nf8  20. c3  Ne6
21. Qg4  Rd7  22. Rd2
Rad8  23. Rad1  g6
24. a5  e4  25. Nf4
f5  26. Qe2  Nxf4
27. Bxf4  Bf6  28. Rxd7
Rxd7  29. Rxd7  Qxd7
30. Qc4+  Kg7  31. h3
Be7  32. b3  Qc6
33. Be5+  Bf6  34. Qd4
Bxe5  35. Qxe5+  Kf7
36. Kf1  Qe6  37. Qc7+
Qe7  38. Qb6  Qd7
39. Ke1  Qc6  40. Qd4
Qb5  41. b4  Ke6
42. Kd2  Qe5  43. Qb6+
Qd6+  44. Ke3  Qxb6+
45. axb6  Kd5  46. f3
exf3  47. gxf3  Kc4
48. Kd2  g5  49. Kc2
h5  50. Kd2  g4
51. fxg4  fxg4  52. hxg4  hxg4
53. Ke2  0-1

[Event "MCR mladeze, Kouty 2018 - H12"]
[Site "Kouty nad Desnou"]
[Date "2018.03.15"]
[Round "7"]
[White "Paseka, Matyas"]
[Black "Prochazka, Vojtech"]
[Result "1-0"]
[WhiteElo "1621"]
[BlackElo "1475"]
[EventDate "2018.03.10"]

1. e4  e5  2. Nf3  Nc6
3. Bb5  Bc5  4. c3
Nf6  5. O-O  O-O
6. d4  Bb6  7. Bg5
d6  8. h3  Bd7
9. Ba4  Re8  10. d5  Ne7
11. Bxf6  gxf6  12. Bxd7
Qxd7  13. Nbd2  Kh8
14. Nh4 f5  15. Qh5  fxe4
16. Nxe4  Nxd5  17. Ng5
f6  18. Nf7+  Kg8
19. Nh6+  Kf8  20. N4f5
Qe6  21. Qg4  Red8
22. Qg7+  Ke8  23. Qxh7
Rd7  24. Qh8+  Qg8
25. Qxg8#  1-0

[Event "MCR mladeze, Kouty 2018 - H12"]
[Site "Kouty nad Desnou"]
[Date "2018.03.15"]
[Round "7"]
[White "Werner, Hong Quan Dan"]
[Black "Kures, Michael"]
[Result "0-1"]
[WhiteElo "1534"]
[BlackElo "1931"]
[EventDate "2018.03.10"]

1. e4  c5  2. Nf3  Nc6
3. d4  cxd4  4. Nxd4
Nf6  5. Nc3  d6
6. Be3  e6  7. f3  Be7
8. Qd2  O-O  9. O-O-O
a6  10. Kb1  Nxd4
11. Bxd4  b5  12. g4
Nd7  13. h4  Bb7
14. g5  b4  15. Ne2
a5  16. Be3  Ne5
17. Nd4  d5  18. Qh2
Nc6  19. Bb5  Nxd4
20. Bxd4  Bd6  21. e5
Be7  22. f4  a4
23. h5  Qa5  24. Bd3  b3
25. a3  Ba6  26. Qh3 Bxd3 27.
cxd3  Qa6  28. Rdg1  Rac8
29. Bc3  Bxa3  30. g6 h6
31. gxf7+  Rxf7  32. Rg6
Rc6  33. Rhg1  Bf8
34. R1g2  a3  35. bxa3
Rxc3  36. R6g3  Qxa3
37. Rb2  Ra7  38. Qxe6+
Kh8 0-1

[Event "MCR mladeze, Kouty 2018 - H12"]
[Site "Kouty nad Desnou"]
[Date "2018.03.15"]
[Round "7"]
[White "Petricek, Lukas"]
[Black "Hak, David"]
[Result "1/2-1/2"]
[WhiteElo "1779"]
[BlackElo "1887"]
[EventDate "2018.03.10"]

1. e4  c5  2. c3  e6
3. d4  cxd4  4. cxd4
d5  5. e5  Nc6
6. Nf3  Nge7  7. Nc3  Nf5
8. Be3  Be7  9. Bd3
Nxe3 10. fxe3  Bd7  11. O-O
a6  12. Rc1  O-O
13. Kh1  b5  14. e4
dxe4  15. Bxe4  b4
16. Na4  Rc8  17. Nc5
Bxc5  18. dxc5  Qe7
19. Qd3  h6  20. Rfd1
Nb8  21. Qd6  Qxd6
22. Rxd6  Bc6  23. Bxc6
Nxc6  24. Kg1  Rc7
25. Rd2  Rfc8  26. Rdc2
Rd7  27. Kf2  Rd5
28. Ke3  Nxe5  29. Nxe5
Rxe5+  30. Kf4  Rf5+
31. Ke4  Rc6  32. a3
a5  33. axb4  axb4
34. Rc4  Rd5  35. Rxb4
Rcxc5  36. Rxc5  Rxc5
37. Rb8+  Kh7  38. b4
Rc2  39. Kf3  Kg6
40. b5  Kf5  41. b6
Rc3+  42. Kf2  Rb3
43. Rb7  Kf6  44. Ke2
e5  45. Kd2  e4
46. Kc2  Rb5  47. Rb8  Ke7
48. b7  g6  49. Kc3
Kd7  50. Rf8  Kd6
1/2-1/2

[Event "MCR mladeze, Kouty 2018 - H12"]
[Site "Kouty nad Desnou"]
[Date "2018.03.15"]
[Round "7"]
[White "Smolik, Jachym"]
[Black "Simek, Viktor"]
[Result "1/2-1/2"]
[WhiteElo "1532"]
[BlackElo "1568"]
[EventDate "2018.03.10"]

1. d4  Nf6  2. Nf3  c6
3. c4  d5  4. cxd5
cxd5  5. Bf4  e6
6. e3  Nbd7  7. Bd3
Be7  8. Nc3  O-O
9. Rc1  b6  10. O-O
Bb7  11. Nb5  Ne4 12. Bc7
Qe8  13. Ne1  a6
14. Bxe4  axb5  15. Bb1
f5  16. g4  Qg6
17. h3  Qh6  18. Kh2  Rac8
19. Bf4  g5  20. Rxc8
Rxc8  21. Be5  Nxe5
22. dxe5  f4 1/2-1/2

[Event "MCR mladeze, Kouty 2018 - H12"]
[Site "Kouty nad Desnou"]
[Date "2018.03.15"]
[Round "7"]
[White "Lang, Simon"]
[Black "Juchelka, Marek"]
[Result "1-0"]
[WhiteElo "1308"]
[BlackElo "1585"]
[EventDate "2018.03.10"]

1. e4 c5 2. Nf3 d6 3. d4 cxd4 4. Nxd4 g6 5. Nc3 Bg7 6. Be3 Nf6 7. f3 O-O 8. Qd2
Nc6 9. Bc4 Bd7 10. O-O-O Rc8 11. Bb3 a6 12. h4 h5 13. Rdg1 b5 14. Nxc6 Bxc6 15.
g4 hxg4 16. fxg4 Nxe4 17. Nxe4 Bxe4 18. Rh3 a5 19. c3 b4 20. Bh6 bxc3 21. bxc3
Qb6 22. Rf1 Bxh6 23. Qxh6 Bg2 24. h5 Bxh3 25. Bxf7+ Rxf7 26. Qxg6+ Rg7 27. Qe6+
Kh8 28. Qh6+ Rh7 29. Rf8+ 1-0

[Event "MCR mladeze, Kouty 2018 - H12"]
[Site "Kouty nad Desnou"]
[Date "2018.03.15"]
[Round "7"]
[White "Vasinek, Martin"]
[Black "Cerny, Michal"]
[Result "1/2-1/2"]
[WhiteElo "1356"]
[BlackElo "1549"]
[EventDate "2018.03.10"]

1. d4  c6  2. c4  e6
3. Nc3 Nf6 4. Nf3  d5  5. e3
Nbd7 6. Be2 dxc4  7. Bxc4  b6
8. b3  Bb7  9. Bb2 Be7 10. O-O
O-O  11. Qc2  Rc8 12. Be2
Qc7  13. Rac1  Qb8
14. Qb1  c5  15. Rfd1
Qa8  16. h3  cxd4
17. Rxd4  Nc5  18. Ba3
Rfe8  19. Qb2  Nce4
20. Nxe4  Rxc1+  21. Qxc1
Nxe4  22. Bxe7  Rxe7
23. Qd1  Re8  24. Ne1
e5  25. Rd7  Bc6
26. Rc7  Nc5  27. Bc4
Ne6  28. Bxe6  Rxe6
29. Qh5  g6  30. Qh4
Qb8  31. Re7  Qd8
32. Rxe6  Qxh4  33. Rxc6
Qe4  34. Rc2  h6
35. Kf1  Kg7  36. Ke2
Qd5 1/2-1/2

[Event "MCR mladeze, Kouty 2018 - H12"]
[Site "Kouty nad Desnou"]
[Date "2018.03.15"]
[Round "7"]
[White "Licka, Denis"]
[Black "Janous, Marek"]
[Result "1/2-1/2"]
[WhiteElo "1386"]
[BlackElo "1328"]
[EventDate "2018.03.10"]

1. e4  e5  2. Nf3  Nc6
3. Bb5  Nf6  4. d3
Bc5  5. O-O  O-O
6. c3  Re8  7. Nbd2
a6  8. Ba4  b5
9. Bb3  d6  10. Re1  Bb6
11. a4  bxa4  12. Bxa4
Bd7  13. Nf1  Ng4
14. Re2 h6  15. h3  Nf6
16. Ng3  Ne7  17. Bxd7
Qxd7  18. d4  exd4
19. cxd4  a5  20. Nh4
Nc6  21. Nhf5  Ne7
22. Qd3  Nxf5  23. Nxf5
Qc6  24. Qg3  g6
25. Nxh6+  Kg7  26. Nf5+
Kg8  27. d5  Qc4
28. Nh6+  Kg7  29. Re1 Nxe4
1/2-1/2

[Event "MCR mladeze, Kouty 2018 - H12"]
[Site "Kouty nad Desnou"]
[Date "2018.03.15"]
[Round "7"]
[White "Ocenasek, Jan"]
[Black "Vaclavik, Jan"]
[Result "0-1"]
[WhiteElo "1654"]
[BlackElo "1448"]
[EventDate "2018.03.10"]

1. e4  c5  2. Nf3  d6
3. d4  cxd4  4. Nxd4
Nf6  5. Nc3  a6
6. Bg5  e5  7. Nf5  Bxf5
8. exf5  Be7  9. Bc4
Nbd7  10. Qd2  b5
11. Bb3  O-O  12. O-O
Rc8 13. Bxf6  Nxf6  14. Rfe1
Qd7  15. Qd3  Rfd8
16. Nd5  Nxd5  17. Bxd5
Rc7  18. Re3  Bf6
19. c3  a5  20. Rh3
Re8  21. Qf3  Rc5
22. Rd1  Qe7  23. Qh5
h6  24. Qg6  Rxd5
25. Rxd5  fxg6  26. fxg6
Rb8  27. Rhd3  e4
28. Re3  Qe6  0-1

[Event "MCR mladeze, Kouty 2018 - H12"]
[Site "Kouty nad Desnou"]
[Date "2018.03.15"]
[Round "7"]
[White "Czepiec, Richard"]
[Black "Babula, Vlastimil"]
[Result "0-1"]
[WhiteElo "1213"]
[BlackElo "1806"]
[EventDate "2018.03.10"]

1. e4  c5  2. Nf3  d6
3. d4  cxd4  4. Nxd4
Nf6  5. Nc3  a6
6. Be3  e6  7. Be2  Be7
8. O-O  O-O  9. a4
Qc7  10. f4  Nbd7
11. Qe1  Nc5  12. Bf3
Rb8  13. Qg3  Kh8
14. Rad1  Bd7 15. Ra1  Bc6
16. Nxc6  bxc6  17. Ra2
Ncd7  18. Be2  Ra8
19. Bd3  e5  20. f5
Qb7  21. Bg5  d5
22. Qf3  d4  23. Ne2
c5  24. Ng3  Qc6
25. Bc4  Qc7  26. Nh5
Qd6  27. c3  Nb6
28. Be2  Nxh5  29. Bxe7
Qxe7  30. Qxh5  f6
31. Rf3  Qf7  32. Qxf7
Rxf7  33. Rh3  a5
34. Rd3  c4  35. Rd1
d3  36. Bf3  Nd7
37. Kf2  Nc5  38. Raa1
Rb8  39. Ra2  Rfb7
40. Rd2  Kg8  41. Ke3
Kf7  42. Bh5+  Ke7
43. Bf3  Nb3  44. Rd1
Rd8  45. g4  d2
46. Be2  Nc1  47. Rxd2  Rxd2
48. Kxd2  Nxa2  49. Bxc4
Rxb2+  50. Kd3  Nc1+
51. Ke3  Nb3  52. Kd3
Nc5+  53. Ke3  Nxa4
54. Kd3  Nc5+  55. Ke3
Rxh2  56. Bb5  a4
57. c4  a3  0-1

[Event "MCR mladeze, Kouty 2018 - H12"]
[Site "Kouty nad Desnou"]
[Date "2018.03.15"]
[Round "7"]
[White "Pecka, Jan"]
[Black "Kanak, Matyas"]
[Result "1-0"]
[WhiteElo "1456"]
[BlackElo "1379"]
[EventDate "2018.03.10"]

1. d4  Nf6  2. Nf3  e6
3. c4  Bb4+  4. Bd2
c5  5. Bxb4  cxb4
6. Nbd2  O-O  7. e3
b6  8. Bd3  Bb7
9. O-O  d6  10. a3  bxa3
11. Rxa3  Nbd7  12. b4 e5
13. Ne1  exd4  14. exd4
d5  15. c5  Ne4
16. f3  Nxd2  17. Qxd2  Qh4
18. Nc2  bxc5  19. bxc5
Nb8  20. Rb1  Bc8
21. Rba1  a6  22. Qf2
Qf6  23. Qe3  Nc6
24. Bb5  Bb7  25. Bxc6
Bxc6  26. Rxa6  Qf5
27. Qc3  Rxa6  28. Rxa6
Qe6  29. Qe1  Qc8
30. Ra3  Re8  31. Re3
Kf8  32. Rxe8+  Qxe8
33. Qxe8+  Kxe8  34. Kf2
Kd7  35. Ke3  Ke6
36. Nb4  Ba8  37. Nd3
f6  38. Nf4+  Kf7
39. Kd3  g5  40. Ne2
Ke6  41. Kc3  h5
42. Kb4  h4  43. g4
Bc6  44. h3  Be8
45. Nc3  Bc6  46. Ka5
Kd7  47. Kb6  Ba8
48. Nb5  Kc8  49. Na7+
Kb8  50. c6  Bb7
51. cxb7  f5  52. Nc6#
1-0

[Event "MCR mladeze, Kouty 2018 - H12"]
[Site "Kouty nad Desnou"]
[Date "2018.03.16"]
[Round "8"]
[White "Paseka, Matyas"]
[Black "Stalmach, Richard"]
[Result "1/2-1/2"]
[WhiteElo "1621"]
[BlackElo "1946"]
[EventDate "2018.03.10"]

1. e4 c5 2. Nf3 e6 3. d4 cxd4 4. Nxd4 Nf6 5. Nc3 d6 6. Be3 Be7 7. Be2 O-O 8. O-O
Nc6 9. f4 e5 10. Nb3 exf4 11. Bxf4 Be6 12. Kh1 Ne5 13. Qd4 Ng6 14. Rad1 Nxf4
1/2-1/2

[Event "MCR mladeze, Kouty 2018 - H12"]
[Site "Kouty nad Desnou"]
[Date "2018.03.16"]
[Round "8"]
[White "Mohapl, Tomas"]
[Black "Hrbek, Stepan"]
[Result "0-1"]
[WhiteElo "1372"]
[BlackElo "2018"]
[EventDate "2018.03.10"]

1. e4  c5  2. Nf3  Nc6
3. d4  cxd4  4. Nxd4
g6  5. c4  Bg7
6. Be3  Nf6  7. Nc3  O-O
8. Be2  d6  9. f3
Bd7  10. O-O  Nxd4
11. Bxd4  Bc6  12. Qd2
Nd7  13. Be3  a5
14. b3  Nc5  15. Rfd1
e6  16. Rac1  Be5
17. Qc2  Qh4  18. g3
Bxg3  19. hxg3  Qxg3+
20. Kf1  f5  21. Bxc5
dxc5  22. Qd3  h5
23. Qe3  h4  24. Qg1
fxe4  25. Qxg3  hxg3 26. f4
e5  27. f5  gxf5
28. Kg2  f4  29. Bg4
e3+  30. Bf3  Rad8
31. Bxc6  bxc6  32. Kf3
Rd4  33. Ne4  Rfd8
34. Re1  Kf7  35. Rc2
Kg6  36. Rh1  Rd1
37. Rc1  Rxc1  38. Rxc1
Rd3  39. Nxc5  Rd2
40. Ne4  Rxa2  41. Rd1
e2  42. Re1  Kf5
43. Nc5  Rb2  44. Rxe2
e4+  45. Nxe4  Rxe2
46. Nxg3+  fxg3  47. Kxe2
Ke4  0-1

[Event "MCR mladeze, Kouty 2018 - H12"]
[Site "Kouty nad Desnou"]
[Date "2018.03.16"]
[Round "8"]
[White "Kures, Michael"]
[Black "Hlavina, Matous"]
[Result "1/2-1/2"]
[WhiteElo "1931"]
[BlackElo "1820"]
[EventDate "2018.03.10"]

1. d4  e6  2. c4  d5
3. Nf3  Nf6  4. g3
Be7  5. Bg2  O-O
6. O-O  dxc4  7. Nbd2
b5  8. Ne5  Qxd4
9. Bxa8  Qxe5  10. Bg2
Rd8  11. a4  c3
12. bxc3  b4  13. Qc2  Ba6
14. Ne4  Nxe4  15. Bxe4
f5  16. Bf3  Bf6
17. Qb3  Qxc3  18. Qxe6+
Kh8  19. Rb1  Bc8
20. Qf7  Qc5  21. Bf4
Na6  22. Rfc1  Bc3
23. Kg2  h6  24. Be3
Qe5  25. Qc4  c5
26. Rd1  Qc7  27. Rd5
Rxd5  28. Qxd5  c4
29. Rd1  b3  30. Bf4
Qc5  31. Qxc5  Nxc5
32. Rd8+  Kh7  33. Rxc8
b2  34. Rxc5  b1=Q
35. Rxc4  Bf6  36. Be3
a6  37. Rc6  a5
38. Rc5  Qb4  39. Bc6  Qb6
40. Bd7  g6  1/2-1/2

[Event "MCR mladeze, Kouty 2018 - H12"]
[Site "Kouty nad Desnou"]
[Date "2018.03.16"]
[Round "8"]
[White "Hak, David"]
[Black "Werner, Hong Quan Dan"]
[Result "1-0"]
[WhiteElo "1887"]
[BlackElo "1534"]
[EventDate "2018.03.10"]

1. e4  e5  2. Nf3  Nc6
3. d4  exd4  4. Bc4
Nf6  5. e5  d5
6. Bb5  Ne4  7. Nxd4  Bd7
8. Bxc6  bxc6  9. O-O
Bc5  10. f3  Ng5
11. f4  Ne4  12. Nc3
Nxc3 13. bxc3 O-O  14. Kh1  f6
15. e6  Bxd4  16. cxd4 Bxe6
17. f5  Bc8  18. Ba3
Re8  19. Qh5  Ba6
20. Rfe1  Qd7  21. Bc5
Bc4  22. h3  a6
23. a3  Qf7  24. Qg4  g6
25. Re6  Rxe6  26. fxe6
Qe8  27. e7  f5
28. Qf4  Rc8  29. Re1  Kf7
30. Qe5  Qd7  31. g4
Re8  32. g5 Qc8 33. h4  a5
34. h5  gxh5  35. Qf6+
Kg8  36. g6  hxg6
37. Qxg6+  Kh8  38. Qh6+
Kg8  39. Rg1+  Kf7
40. Rg7#  1-0

[Event "MCR mladeze, Kouty 2018 - H12"]
[Site "Kouty nad Desnou"]
[Date "2018.03.16"]
[Round "8"]
[White "Smolik, Jachym"]
[Black "Petricek, Lukas"]
[Result "1-0"]
[WhiteElo "1532"]
[BlackElo "1779"]
[EventDate "2018.03.10"]

1. d4  d5  2. c4  c6
3. cxd5  cxd5  4. Nc3
Nf6  5. Bf4  e6
6. e3  Bd6  7. Bxd6  Qxd6
8. f4  Nc6  9. Rc1
a6  10. Bd3  O-O
11. Nf3  b5  12. O-O
Bb7  13. Ne5  Rac8
14. g4  Na5  15. g5
Ne4  16. Qe2  f5
17. gxf6  gxf6  18. Ng4
f5  19. Ne5  Qe7
20. Bxe4  fxe4  21. Kh1
Nc4  22. Nxc4  Rxc4
23. Qg4+  Kh8  24. Rg1
Qf7  25. Qg5  Qf6
26. Qxf6+  Rxf6  27. Ne2
Rg6  28. Rge1  Kg8
29. b3  Rxc1  30. Rxc1
Kf8  31. a4  bxa4
32. bxa4  Rg7  33. a5
Ke8  34. Rc5  Kd7
35. Rc3  Bc6  36. Nc1
Bb5  37. Nb3  Be2
38. Nc5+  Ke7  39. h4
Rg4  40. Nb7  Rxh4+
41. Kg1  Bc4  42. Nc5
Rh3  43. Kg2  Rh5
44. Nxe4  dxe4  45. Rxc4
Kd6  46. Ra4  Kc6
47. Ra1  Kb5  48. Kg3
Kb4  49. Kg4  Rb5
50. Rh1  Kxa5  51. Rxh7
Rb6  52. f5  exf5+
53. Kxf5  Kb5  54. Kxe4
a5  55. Kd5  a4
56. e4  a3  57. e5  a2
58. Rh1  Ka6  59. Ra1
Rb2  60. e6  Kb7
61. e7  Re2  62. Kd6
Kc8  63. Rc1+  Kb7
64. Kd7  1-0

[Event "MCR mladeze, Kouty 2018 - H12"]
[Site "Kouty nad Desnou"]
[Date "2018.03.16"]
[Round "8"]
[White "Prochazka, Vojtech"]
[Black "Lang, Simon"]
[Result "1-0"]
[WhiteElo "1475"]
[BlackElo "1308"]
[EventDate "2018.03.10"]

1. e4  e5  2. Nf3  Nc6
3. Bc4  Bc5  4. Nc3
Nf6  5. d3  d6
6. Bg5  Na5  7. Nd2  c6
8. O-O  Bd7  9. Kh1
Qe7  10. Na4  O-O-O
11. Nxc5  dxc5  12. Bb3
h6  13. Be3  g5
14. Qe1  g4  15. Nc4  Nxc4
16. Bxc4  b6  17. a3
h5  18. b4  h4
19. bxc5  g3  20. cxb6  h3
21. Ba6+  Kb8  22. bxa7+
Ka8  23. Rb1  hxg2+
24. Kxg2  Rxh2+  25. Kg1
gxf2+  26. Rxf2  Rg8+
27. Kxh2  Ng4+ 28. Kg1  Nxe3+
29. Kh1  Qh4+  30. Rh2
Qxe1+  31. Rxe1  Ng4
32. Rg2  Kxa7  33. Bc4
Kb6  34. Ree2  Rg7
35. Kg1  Kc5  36. c3
Rh7  37. Bb3  Bc8
38. Kf1  Rh1+  39. Rg1
Nh2+  40. Kg2  Rxg1+
41. Kxg1  Nf3+  42. Kf2
Ng5  43. Ke3  Ba6
44. Rf2  Nh3  45. Rxf7
Nf4  46. d4+  1-0

[Event "MCR mladeze, Kouty 2018 - H12"]
[Site "Kouty nad Desnou"]
[Date "2018.03.16"]
[Round "8"]
[White "Simek, Viktor"]
[Black "Vasinek, Martin"]
[Result "1/2-1/2"]
[WhiteElo "1568"]
[BlackElo "1356"]
[EventDate "2018.03.10"]

1. e4 c5 2. Nf3 Nc6 3. d4 cxd4 4. Nxd4 g6 5. Nc3 Bg7 6. Be3 Nf6 7. Bc4 Qa5 8. O-O
O-O 9. Bb3 d6 10. h3 Bd7 11. f4 a6 12. Qd3 Nb4 13. Qd2 Nc6 14. Rad1 b5 15. Nxc6
Bxc6 16. Qd3 Rac8 17. Nd5 Nxd5 18. exd5 Bd7 19. c3 b4 20. cxb4 Qxb4 21. Rf2 Bb5
22. Qd2 Qxd2 1/2-1/2

[Event "MCR mladeze, Kouty 2018 - H12"]
[Site "Kouty nad Desnou"]
[Date "2018.03.16"]
[Round "8"]
[White "Janous, Marek"]
[Black "Babula, Vlastimil"]
[Result "0-1"]
[WhiteElo "1328"]
[BlackElo "1806"]
[EventDate "2018.03.10"]

1. e4  c5  2. Nf3 d6  3. d4
cxd4  4. Nxd4  Nf6
5. Nc3  a6  6. Bg5
e6 7. f4 Be7  8. Qf3  O-O
9. O-O-O Qc7  10. g4  b5 11. Bh4
b4  12. Nb1  Bb7
13. Bd3  Rc8  14. g5
Ne8  15. Rhe1  Nc6
16. Nb3  a5  17. Bf2
a4  18. N3d2  Na5
19. h4  d5  20. Qe3
Bc5  21. Qxc5  Qxc5
22. Bxc5  Rxc5  23. b3
a3  24. exd5  Bxd5
25. Ne4  Bxe4  26. Bxe4
Nxb3+  27. axb3  a2
28. Bxa8  a1=Q  29. Be4
Rc8  30. Rd7  g6
31. Red1  Qa5  32. Rb7
Qc5  33. Kb2  Nd6
34. Rd7  Nxe4  0-1

[Event "MCR mladeze, Kouty 2018 - H12"]
[Site "Kouty nad Desnou"]
[Date "2018.03.16"]
[Round "8"]
[White "Vaclavik, Jan"]
[Black "Pecka, Jan"]
[Result "1-0"]
[WhiteElo "1448"]
[BlackElo "1456"]
[EventDate "2018.03.10"]

1. e4  c5  2. Nf3  Nc6
3. d4  cxd4  4. Nxd4 g6
5. Nc3  Bg7  6. Be3
Nf6  7. Bc4  Qa5
8. O-O  O-O  9. Bb3
d6  10. h3  Bd7
11. Kh1  a6  12. f4  b5
13. a3  Rac8  14. Nxc6
Bxc6  15. e5  dxe5
16. fxe5  Ne4  17. Nxe4
Bxe4  18. Qe2  Bb7
19. Rad1  e6  20. Bd2
Qc7  21. Bb4  Rfd8
22. Bd6  Qc6  23. Qf2
Rd7  24. Rd3  Bf8
25. Rc3  Qe4  26. Rxc8
Bxc8  27. Bxf8  Kxf8
28. Bxe6  Qxe5  29. Bxd7
1-0

[Event "MCR mladeze, Kouty 2018 - H12"]
[Site "Kouty nad Desnou"]
[Date "2018.03.16"]
[Round "8"]
[White "Cerny, Michal"]
[Black "Ocenasek, Jan"]
[Result "1-0"]
[WhiteElo "1549"]
[BlackElo "1654"]
[EventDate "2018.03.10"]

1. e4  c5  2. Nf3  d6
3. d4  cxd4  4. Nxd4
Nf6  5. Nc3  a6
6. Bc4  e5  7. Nf5  Bxf5
8. exf5  Qc8  9. Qd3
Nc6  10. Ne4  Nxe4
11. Qxe4  Be7 12. O-O  O-O
13. c3  Qd7  14. Bd5
Rab8  15. Be3  Bd8
16. Rad1  Ne7  17. g4
Nxd5  18. Rxd5  Rc8
19. Rfd1  Rc6  20. Qxe5
Bc7  21. Qd4  Rd8
22. Kg2  b5  23. Qd3
Qe7  24. Bf4  Kh8
25. Qe3  Qxe3  26. fxe3
Kg8  27. Kf3  Kf8
28. e4  Ke7  29. h4
Rd7  30. e5  Rd8
31. exd6+  Bxd6  32. Bxd6+
Rcxd6  33. Rxd6  Rxd6
34. Rxd6  Kxd6  35. Ke4
f6  36. h5  h6
37. Kd4  a5  38. c4  b4
39. b3  Kc6  40. c5
Kb5  41. Kd5  a4
42. c6  1-0

[Event "MCR mladeze, Kouty 2018 - H12"]
[Site "Kouty nad Desnou"]
[Date "2018.03.16"]
[Round "8"]
[White "Kanak, Matyas"]
[Black "Licka, Denis"]
[Result "1/2-1/2"]
[WhiteElo "1379"]
[BlackElo "1386"]
[EventDate "2018.03.10"]

1. e4  c5  2. Nf3  d6
3. d4  cxd4  4. Nxd4
Nf6  5. f3  a6
6. c4  e6  7. Nc3  Nbd7
8. Be3  Be7  9. Be2
b6  10. O-O  Bb7
11. Qd2  Nc5  12. Rfd1
Qc7  13. Rac1  Rc8
14. Kh1  O-O  15. Bg1
Rfd8  16. Qe1  Kh8
17. Bf1  h6  18. Qf2
Nh5  1/2-1/2

[Event "MCR mladeze, Kouty 2018 - H12"]
[Site "Kouty nad Desnou"]
[Date "2018.03.16"]
[Round "8"]
[White "Juchelka, Marek"]
[Black "Czepiec, Richard"]
[Result "1/2-1/2"]
[WhiteElo "1585"]
[BlackElo "1213"]
[EventDate "2018.03.10"]

1. e4 c5 2. Nf3 Nc6 3. d4 cxd4 4. Nxd4 g6 5. Nc3 Bg7 6. Be3 Nf6 7. Be2 O-O
8. O-O  d5  9. exd5
Nxd5  10. Nxd5  Qxd5
11. Bf3  Qd7  12. Nxc6
bxc6  13. c3  Rb8
14. Qxd7  Bxd7  15. Rad1
Rfd8  16. Rd2  Be8
17. Rxd8  Rxd8  18. Bxa7
Ra8  19. Bc5  Rxa2
20. Ba3  Bxc3  21. Bxe7
Bxb2  22. h3  Ra7
23. Re1  Ra8  24. Re2
Bd4  25. Rd2  Bb6
26. Bf6  Rc8  27. Bg4
Rb8  28. Bf3  c5
29. Bd5  Bc7  30. g3
Ba5  31. Rc2  1/2-1/2

[Event "MCR mladeze, Kouty 2018 - H14"]
[Site "Kouty nad Desnou"]
[Date "2018.03.10"]
[Round "1"]
[White "Jun, Rudolf"]
[Black "Skypala, Ondrej"]
[Result "1-0"]
[WhiteElo "2061"]
[BlackElo "1851"]
[EventDate "2018.03.10"]

1. e4  e6  2. d4  d5
3. exd5  exd5  4. c4
Nf6  5. Nc3  Bb4
6. Be3  O-O  7. Nf3
dxc4  8. Bxc4  Nbd7
9. a3  Nb6  10. Qd3
Nxc4  11. Qxc4  Be7
12. d5  a6  13. O-O
b5  14. Qd4  Bb7
15. Rad1  c5  16. dxc6
Bxc6  17. Qe5  Nd7
18. Qg3  Qb8  19. Bf4
Qb7  20. Nd4  Bf6
21. Nxc6  Qxc6  22. Rd6
Qb7  23. Rfd1  Rfe8
24. h3  Rad8  25. Nd5
Qc8  26. Rc1  Qxc1+
27. Bxc1  Be5  28. Bf4
Bxd6  29. Bxd6  Re6
30. Ne7+  Kh8  31. Nf5
g6  32. Nd4  Re1+
33. Kh2  Rde8  34. Qf3
Kg7  35. Qc6  Nf6
36. Nf3  Rd1  37. Be5
Re6  38. Qc3  Rd5
39. Bxf6+  Rxf6  40. Nd2
Rdd6  41. Ne4  Rc6
42. Qxf6+  1-0

[Event "MCR mladeze, Kouty 2018 - H14"]
[Site "Kouty nad Desnou"]
[Date "2018.03.10"]
[Round "1"]
[White "Barak, David"]
[Black "Gnojek, Petr"]
[Result "1/2-1/2"]
[WhiteElo "1847"]
[BlackElo "2018"]
[EventDate "2018.03.10"]

1. d4  f5  2. Nc3  d5
3. Nf3  Nf6  4. Bf4
a6  5. e3  e6
6. Bd3  c5  7. O-O  c4
8. Be2  Nc6  9. Ne5
Nxe5  10. Bxe5  Bd6
11. Bxd6  Qxd6  12. b3
b5  13. bxc4  dxc4
14. Bf3  Rb8  15. e4
Qa3  16. e5  Nd7
17. Ne2  O-O  18. Nf4
Qe7  19. Re1  Qf7
20. d5  Nc5  21. Qd4
Qc7  22. d6  Qb6
23. Rad1  Bd7  24. Re3
Rfc8  25. Nh5  Qd8
26. g4  Qf8  27. Qf4
Be8  28. gxf5  Bxh5
29. Bxh5  g6  30. Rg3
Qxf5  31. Qh6  Qf8
32. Qxf8+  Rxf8  33. Bg4
Kf7  34. Bf3  Nd7
35. Re1  Ke8  36. Bc6
Kd8  37. Bxd7  Kxd7
38. Rh3  Rf7  39. Ra3
Ra8  40. Re4  a5
41. Rae3  Rc8  42. Kg2
Rc5  43. Rf3  Rf5
44. Rxf5  gxf5  45. Re3
b4  46. Kf1  a4
47. f4  c3  48. Rh3  b3
49. Rxh7+  Kc6  50. axb3
axb3  51. Rc7+  Kb6
52. Rxc5  b2  53. Rxc3
b1=Q+  54. Ke2  Qb5+
55. Rd3  Qd7  56. Rd4
Kb7  57. c3  Kc8
58. Rb4  Qc6  59. Kd3
Qf3+  60. Kc2  Qe2+
61. Kb3  Qxh2  62. Rc4+
Kd7  63. Rd4  Qe2
64. Rc4  Qd2  65. Rd4
Qc1  66. Rb4  Qb1+
67. Ka3  Qd3  68. Kb3
Kc6  69. Rc4+  Kb5
70. Rb4+  Kc5  71. Kb2
Qd2+  72. Kb3  Qc1
73. Rc4+  1/2-1/2